logo

Bir Sreshtho Munshi Abdur Rouf Library
Jhenaidah Cadet College

The Concise Oxford Dictionary Of Quotations / (Record no. 4448)

MARC details
000 -LEADER
fixed length control field 02393nam a2200265 a 4500
001 - CONTROL NUMBER
JCCL Control Number 4448
003 - CONTROL NUMBER IDENTIFIER
JCCL marc code BD-JhCC
005 - DATE AND TIME OF LATEST TRANSACTION
control field 20230808110241.0
008 - FIXED-LENGTH DATA ELEMENTS--GENERAL INFORMATION
fixed length control field 171127s1967 enk |||| ||a| 00| 0 eng d
020 ## - INTERNATIONAL STANDARD BOOK NUMBER
International Standard Book Number 0192800701
035 ## - SYSTEM CONTROL NUMBER
system control number (BD-JhCC)4448
040 ## - CATALOGING SOURCE
Original cataloging agency BD-JhCC
Modifying agency BD-JhCC
041 ## - LANGUAGE CODE
Language code of Book eng
082 ## - DEWEY DECIMAL CLASSIFICATION NUMBER
Classification number 082
Author mark and Year QUO 1964
245 ## - TITLE STATEMENT
Title The Concise Oxford Dictionary Of Quotations /
Statement of responsibility, etc Oxford University
260 ## - PUBLICATION, DISTRIBUTION, ETC. (IMPRINT)
Place of publication, distribution, etc Grate Britain :
Name of publisher, distributor, etc Oxford University Press,
Date of publication, distribution, etc 1964.
300 ## - PHYSICAL DESCRIPTION
Pagination 481 p. :
Dimensions 20 cm.
500 ## - GENERAL NOTE
General note As Emerson once said, "By necessity, by proclivity--and by delight, we all quote." We quote from the Bible and from Shakespeare, from Churchill and Will Rogers, we quote to amuse our friends, to spice our conversation or our writing, to lend authority to what we say. We even quote without knowing whom we quote, saying "love conquers all" (Virgil, The Aeneid) or "damn with faint praise" (Pope, Epistle to Dr. Arbuthnot).<br/>In this revised and expanded edition of the Concise Oxford Dictionary of Quotations, you can find (and verify) classic quotes and little known gems--the words of the famous and the notorious, the witty and the wise--in a collection of over 9,000 quotations from more than 2,000 authors. Offering all the authority and accuracy of the acclaimed Oxford Dictionary of Quotations, the Concise now includes recent quotes of the 1990s, as well as new appendices on Sayings of the Nineties, Slogans, and Popular Misquotations. This is a literary banquet, a feast of the finest excerpts of poets and novelists, essayists and historians. From Homer, Shakespeare, and the Bible to the sound-bites of today's politicians and pop stars, this indispensable guide is unceasingly entertaining for the general reader and a highly practical reference for study or speech-writing. Perhaps the most useful feature of this dictionary is a keyword index, for tracing half-remembered quotations to their authors, or finding quotations on a particular subject.<br/>An ideal reference for any home or office library, The Concise Oxford Dictionary of Quotations, Revised Edition is a constant source of entertainment and inspiration for public speakers, writers, or anyone else who enjoys a sparkling line or a spirited reply.
504 ## - BIBLIOGRAPHY, ETC. NOTE
Bibliography, etc Include Index
650 ## - SUBJECT ADDED ENTRY--TOPICAL TERM
Topical term or geographic name as entry element Quatations
650 ## - SUBJECT ADDED ENTRY--TOPICAL TERM
Topical term or geographic name as entry element Quotes
710 ## - ADDED ENTRY--CORPORATE NAME
Corporate name or jurisdiction name as entry element Oxford University
942 ## - ADDED ENTRY ELEMENTS (KOHA)
Source of classification or shelving scheme Dewey Decimal Classification
Koha item type Books
Koha issues (borrowed), all copies 4
Holdings
Source of classification or shelving scheme Damaged status Not for loan Home library Current library Shelving location Date of accession Total Checkouts Full call number Barcode Date last seen Copy number Koha item type Cost, normal purchase price Checked out Date checked out
Dewey Decimal Classification     JCC Rouf Library JCC Rouf Library General Stacks 11/27/2017   082 QUO 1964 5887 11/27/2017 C-1 Books      
Dewey Decimal Classification     JCC Rouf Library JCC Rouf Library General Stacks 11/29/2017   082 QUO 1964 6506 11/29/2017 C-2 Books      
Dewey Decimal Classification     JCC Rouf Library JCC Rouf Library General Stacks 04/23/2018 7 082 QUO 1997 13627 01/26/2026 C-3 Books 345.00 02/19/2026 01/26/2026

JCC Library | Contacts | JCC Home

Last Update on 23 September 2017
Copyright @ 2017-2020 JCC Rouf Library
Rouf Library, Jhenidah Cadet College (JCC), Bangladesh